• 首页
  • 本馆介绍
  • 公告通知
  • 最新文献
  • 馆藏检索
  • 电子资源
  • 读者荐购
  • 参考咨询
  • CALIS
  • 我的图书馆
  • 登录
  • 详细信息显示
  • 放入我的书架
  • 预约/预借图书
  • 作者相关作品
  • 分类相关作品
  • 丛书相关作品
  • 出版社相关作品

书目信息

  • 表格格式
  • 工作单格式
  • 卡片格式
题名:
科技创新公共服务体系研究
    
 
作者: 黄艳 , 陶秋燕 编著
分册:  
出版信息: 北京   中国社会科学出版社  2020.11
页数: 169页
开本: 24cm
丛书名:
单 册:
中图分类: G315
科图分类:
主题词: 科技服务--ke ji fu wu--公共服务--研究
电子资源:
ISBN: 978-7-5203-6870-4
 
 
 
 
 
000 01852nam0 2200289 450
001 202021044883
005 20211025120153.0
010    @a978-7-5203-6870-4@dCNY69.00
100    @a20211006d2020 em y0chiy50 ea
101 0  @achi
102    @aCN@b110000
105    @ay a 000yy
106    @ar
200 1  @a科技创新公共服务体系研究@Ake ji chuang xin gong gong fu wu ti xi yan jiu@d= Research on public service system of science and technology innovation@f黄艳, 陶秋燕编著@zeng
210    @a北京@c中国社会科学出版社@d2020.11
215    @a169页@d24cm
300    @a国家社会科学基金重大项目“创新驱动发展战略与‘双创’研究”阶段性成果
314    @a黄艳, 北京联合大学管理学院副教授, 管理学博士, 国际TRJZ协会三级认证专家。陶秋燕, 北京联合大学管理学院教授, 管理学博士。
320    @a有书目 (第158-169页)
330    @a本书从科技创新公共服务链和创新链融合的视角提出科技创新公共服务体系建设的基础, 在剖析科技创新公共服务链和创新链的概念及理论的基础上, 论述科技创新公共服务体系建设的重点为共性技术服务、科技基础设施服务、基础工艺技术扩散服务、知识产权与ICT等非技术类服务。归纳总结了共性技术服务发展的最新经验与做法 ; 选取国内外若干有代表性的科技创新公共服务机构或组织, 重点剖析其如何围绕功能定位实现机构或组织的良好建设与运行, 以及对科技创新公共服务体系建设的经验借鉴。本书的研究侧重于科技创新公共服务体系的构建而非机构的建设, 为当前国家创新体系的建设以及“创新创业”的发展提供有益参考。在科技创新和产业升级的背景下, 通过科技创新公共服务体系的建设, 实现科技链与服务链的融合, 科技创新公共服务的需求与供给的匹配, 促进科技与经济的共同发展。
510 1  @aResearch on public service system of science and technology innovation@zeng
606 0  @a科技服务@Ake ji fu wu@x公共服务@x研究
690    @aG315@v5
701  0 @a黄艳@Ahuang yan@4编著
701  0 @a陶秋燕@Atao qiu yan@4编著
801  0 @aCN@c20210909
905    @a河南城建学院图书馆@dG315@eH915
    
    科技创新公共服务体系研究= Research on public service system of science and technology innovation/黄艳, 陶秋燕编著.-北京:中国社会科学出版社,2020.11
    169页;24cm
    国家社会科学基金重大项目“创新驱动发展战略与‘双创’研究”阶段性成果
    
    ISBN 978-7-5203-6870-4:CNY69.00
    本书从科技创新公共服务链和创新链融合的视角提出科技创新公共服务体系建设的基础, 在剖析科技创新公共服务链和创新链的概念及理论的基础上, 论述科技创新公共服务体系建设的重点为共性技术服务、科技基础设施服务、基础工艺技术扩散服务、知识产权与ICT等非技术类服务。归纳总结了共性技术服务发展的最新经验与做法 ; 选取国内外若干有代表性的科技创新公共服务机构或组织, 重点剖析其如何围绕功能定位实现机构或组织的良好建设与运行, 以及对科技创新公共服务体系建设的经验借鉴。本书的研究侧重于科技创新公共服务体系的构建而非机构的建设, 为当前国家创新体系的建设以及“创新创业”的发展提供有益参考。在科技创新和产业升级的背景下, 通过科技创新公共服务体系的建设, 实现科技链与服务链的融合, 科技创新公共服务的需求与供给的匹配, 促进科技与经济的共同发展。
●
相关链接 在E读中查询图书 在当当中查询图书 在豆瓣中查询图书


正题名:科技创新公共服务体系研究     索取号:G315/H915         预约/预借

序号 登录号 条形码 馆藏地/架位号 状态 备注
1 1544502   215445025   社科库409/409社科库 120排2列2层/ [索取号:G315/H915] 在馆    
2 1544503   215445034   社科库409/409社科库 120排2列2层/ [索取号:G315/H915] 在馆    
河南城建学院图书馆 欢迎您!
大连网信软件有限公司© 版权所有